000 00711nam a22001577a 4500
003 OSt
005 20150918111837.0
008 150918b xxu||||| |||| 00| 0 eng d
040 _cRUA
082 _aAGR NOU 2004 B030 Or.1
100 _9750
_aNOU, CHANTHY.
245 _acomparision of soy bean variety under the condition of royal university of agriculture in wet season 2003 (ប្រៀបធៀបពូជសណ្តែកសៀងក្នុងលក្ខខ័ណ្ឌរដូវវស្សា ឆ្នាំ ២០០៣ នៅសាកលវិទ្យាល័យភូមិន្ទកសិកម្ម)
260 _aPhnom Penh
_bRUA
_c2004
300 _a39p.
_bill.
_c29cm.
942 _2ddc
_cAGR
999 _c721
_d721